Statistiken für Österreichische Bezirke die an Deutschland grenzen

Klicken Sie hier um das Quiz zu spielen!

Allgemein

  • Dieses Quiz wurde 56 mal gespielt
  • Das Durchschnittsergebnis liegt bei 12 aus 16

Antworten auf der Karte

Die Antworten werden auf der Karte rot bzw. grün angezeigt, abhängig davon wie oft sie richtig erraten wurden.
 

Antwortstatistiken

Bezirk% Korrekt
Salzburg
100%
Bregenz
93%
Innsbruck-Land
80%
Kitzbühel
80%
Braunau am Inn
77%
St. Johann im Pongau
77%
Kufstein
75%
Zell am See
73%
Hallein
73%
Reutte
70%
Schwaz
70%
Imst
66%
Ried im Innkreis
66%
Schärding
61%
Salzburg-Umgebung
59%
Rohrbach
50%

Verteilung der Resultate

Perzentil nach korrekt beantworteten Fragen

Anzahl Personen mit jedem Resultat

Ihre Resultats-Entwicklung

Sie haben dieses Quiz noch nicht gespielt